000 00767nam a2200217Ia 4500
005 20250108125150.0
008 008 250107s9999 xx 000 0 hin d
037 _aTB
040 _aCRL
_bhin
_cCRL
041 _ahin
_2hin
084 _aV271 R2
084 _qCRL
100 _aपठान, बिलाल, ले.
245 0 _aअब पेड़ फल बेचेंगे: कविता संग्रह
_cपठान, बिलाल, ले.
260 _aजयपुर, भारत
_bबोधि प्रकाशन
_c3516
300 _a144पृ0
365 _aINR
_b5500
650 _aहिन्दी कविताहिन्दी साहित्य
_9729733
942 _cTB
_hV271 R2
999 _c1235904
_d1235904